| 000 | 01159nam a22002417a 4500 | ||
|---|---|---|---|
| 999 |
_c13851 _d13851 |
||
| 003 | AR-CdUCM | ||
| 008 | 190416b ||||| |||| 00| 0 spa d | ||
| 020 | _a968-451-272-4 | ||
| 040 |
_aMUNICIPALIDAD PROVINCIAL DEL CUSCO _cBIBLIOTECA MUNICIPAL DEL CUSCO |
||
| 082 |
_a658.01 / _bAL36 |
||
| 100 |
_aAlbert, Kenneth J. _932426 |
||
| 245 |
_aManual del administrador de empresas : _bsoluciones prácticas / |
||
| 260 |
_aMéxico, D.F : _bMcGraw-Hill, _c1983. |
||
| 300 |
_aXVIII, 9 secciones, 28 páginas ; _bfiguras, diagramas, _c23 cm. |
||
| 500 | _aTexto conformado por nueve secciones. | ||
| 505 | _aContenido: Estrategia, planeación y control de la alta dirección -- Organización, búsqueda de ejecutivos y desarrollo de la alta gerencia -- Mercadotecnia. Nuevos productos -- Recursos humanos -- Sistemas de información y procesamiento de datos -- Control y reducción de costos -- Producción -- Distribución física y manejo de materiales ... | ||
| 650 |
_aAdministración de empresas _96082 |
||
| 650 |
_aEstrategías _913946 |
||
| 650 |
_aAuditoria _910961 |
||
| 650 |
_aCostos _923163 |
||
| 942 |
_2ddc _cLIBROS |
||
| 945 |
_aachl _d2019-04-16 |
||